|
|
|
|
| LEADER |
01093nam a22002894a 4500 |
| 001 |
30051 |
| 003 |
BD-DhAAL |
| 005 |
20151021102803.0 |
| 008 |
151021r20102006enka b 001 0 eng |
| 010 |
|
|
|a 2007274094
|
| 020 |
|
|
|a 9780195676969 (pbk.)
|
| 020 |
|
|
|a 0195676963 (pbk.)
|
| 040 |
|
|
|a DLC
|c DLC
|d DLC
|d BD-DhAAL
|
| 050 |
0 |
0 |
|a HF5415.2
|b .E26 2006
|
| 082 |
0 |
0 |
|a 658.83
|2 22
|
| 100 |
1 |
|
|a Easwaran, Sunanda.
|9 15605
|
| 245 |
1 |
0 |
|a Marketing research :
|b concepts, practices, and cases /
|c Sunanda Easwaran, Sharmila J. Singh.
|
| 260 |
|
|
|a Oxford ;
|a New York :
|b Oxford University Press,
|c 2006 [7th impression 2010]
|
| 300 |
|
|
|a x, 605 p. :
|b ill. ;
|c 24 cm.
|
| 504 |
|
|
|a Includes bibliographical references and index.
|
| 541 |
|
|
|e 30051
|
| 650 |
|
0 |
|a Marketing research.
|9 15606
|
| 650 |
|
0 |
|a Marketing research
|v Case studies.
|9 15607
|
| 700 |
1 |
|
|a Singh, Sharmila J.
|9 15608
|
| 942 |
|
|
|2 ddc
|c BK
|
| 999 |
|
|
|c 35862
|d 35862
|
| 952 |
|
|
|0 0
|1 0
|2 ddc
|4 0
|6 658_830000000000000_EAS
|7 0
|9 56384
|a CED
|b CED
|c GEN
|d 2015-10-21
|e Paragon Enterprise
|g 711.00
|l 0
|o 658.83 EAS
|p 3010030051
|r 2015-10-21
|t 1
|w 2015-10-21
|y BK
|